000 01122nam a2200241 4500
005 20251124115554.0
008 251124t2025 ||||| |||| 00| 0 eng d
020 _a9781783215546
041 _aeng
110 _aRoyal Institution of Chartered Surveyors
245 _aRICS Valuation Global Standards:
_bAustralia National Supplement
260 _aLondon,
_bRICS,
_c2025
490 _aRICS Practice Information
490 _aRICS Red Book
500 _aSupersedes 2017 supplement ISBN 9781783213665
520 _aThe Australia national supplement augments the Global Red Book for valuations valuations that are subject to Australian jurisdiction. Part 1. Introduction, part 2 valuation standards part 3 specific standards - VPGAs which apply in Australia. Effective from 6 November 2025
650 _aRed Book
650 _aGlobal Valuation Standards 2025
651 _aAustralia
690 _96273
_aValuation
856 _uhttps://www.rics.org/content/dam/ricsglobal/documents/standards/RICS-Valuation_Global-Standards-Australia-national-supplement_Final.pdf
_zAvailable on RICS.org
942 _n0
999 _c122225
_d122225